[Event "Ascona Open"]
[Site "Ascona SUI"]
[Date "2011.12.10"]
[Round "2.2"]
[White "Brancaleoni,M"]
[Black "Oratovsky,M"]
[Result "0-1"]
[WhiteElo "2275"]
[BlackElo "2522"]

1.Nf3 d6 2.d4 g6 3.c4 Bg7 4.Nc3 Nd7 5.e4 e5 6.Be2 Ngf6 7.O-O O-O 8.Be3 Re8
9.d5 Nh5 10.g3 Bf8 11.b4 Ng7 12.Ne1 f5 13.Nd3 a5 14.a3 Nf6 15.f3 Be7 16.Rc1 axb4
17.axb4 h5 18.Nf2 Rf8 19.c5 Nh7 20.cxd6 cxd6 21.Kh1 h4 22.f4 hxg3 23.hxg3 fxe4
24.Nfxe4 Nf5 25.Qd2 Nxe3 26.Qxe3 exf4 27.Rxf4 Ra3 28.Bg4 Bf5 29.Qe2 Qd7 30.Re1 Bd8
31.Kg2 Re8 32.Qd1 Re5 33.Kh1 Qe8 34.Rff1 Qd7 35.Bf3 Nf6 36.Nxf6+ Bxf6 37.Nb1 Ra2
38.Nd2 Qh7+ 39.Kg1 Rxe1 40.Rxe1 Bd4+ 41.Kf1 Qh3+ 42.Ke2 Qh2+  0-1

[Event "2nd JAHV McGregor Open"]
[Site "Bogota COL"]
[Date "2011.12.11"]
[Round "9"]
[White "Patino,Jairo"]
[Black "Casallas Abril,D"]
[Result "0-1"]
[WhiteElo "1636"]
[BlackElo "1989"]

1.c4 Nf6 2.Nc3 g6 3.d4 d6 4.Nf3 Bg7 5.e4 O-O 6.Be2 e5 7.Bg5 h6 8.Be3 Nc6
9.d5 Ne7 10.b4 a5 11.b5 b6 12.a4 Nd7 13.Qd2 Kh7 14.g4 Nc5 15.Bxc5 bxc5 16.Rg1 Bd7
17.Ra3 Qc8 18.Nh4 Bf6 19.Ng2 Bxg4 20.f3 Bh5 21.Qe3 Bg5 22.Qf2 Qh3 23.b6 cxb6
24.Nb5 Qd7 25.h4 Bf6 26.f4  0-1

[Event "2nd JAHV McGregor Open"]
[Site "Bogota COL"]
[Date "2011.12.11"]
[Round "9"]
[White "Minaya,J"]
[Black "Martinez Romero,M"]
[Result "0-1"]
[WhiteElo "2198"]
[BlackElo "2343"]

1.Nf3 Nf6 2.c4 g6 3.Nc3 Bg7 4.e4 d6 5.d4 O-O 6.Be2 e5 7.d5 a5 8.Nd2 Na6 9.g4 Nc5
10.h4 a4 11.h5 gxh5 12.g5 Ng4 13.Rxh5 f5 14.Qc2 f4 15.Nf3 c6 16.Bd2 Qb6 17.Nd1 cxd5
18.cxd5 Bd7 19.Bc3 Rac8 20.Bd3 Nxd3+ 21.Qxd3 Bb5 22.Qd2 Qc5 23.b3 Ba6 24.Rb1 Qb5
25.Rh1 Qd3  0-1

[Event "TCh-CZE Liga1 Vychod"]
[Site "Czech Rep CZE"]
[Date "2011.12.11"]
[Round "5"]
[White "Belunek,V"]
[Black "Karlik,V"]
[Result "1-0"]
[WhiteElo "2273"]
[BlackElo "2286"]

1.d4 g6 2.c4 Bg7 3.Nf3 d6 4.Nc3 Nf6 5.e4 O-O 6.Be2 Na6 7.O-O e5 8.Be3 Qe8
9.dxe5 Ng4 10.Bg5 Nxe5 11.Nd4 Nc6 12.Ndb5 f6 13.Bh4 Be6 14.Qd2 Qf7 15.Nd5 Rac8
16.f3 Nab8 17.Rac1 a6 18.Nbc3 Ne7 19.f4 Bxd5 20.exd5 Nd7 21.Bg4 f5 22.Bf3 Rfe8
23.Rfe1 Kf8 24.b4 Bxc3 25.Qxc3 Ng8 26.Re6 Qg7 27.Qd2 Ngf6 28.c5 Ne4 29.Bxe4 fxe4
30.cxd6 cxd6 31.Rxc8 Rxc8 32.Rxe4 Nb6 33.h3 Nc4 34.Qe2 b5 35.Kh2 Qf7 36.Bg5 h5
37.Re6 Kg8 38.Qd3  1-0

[Event "18th Zadar Open A"]
[Site "Zadar CRO"]
[Date "2011.12.12"]
[Round "2.18"]
[White "Rezan,S"]
[Black "Brigljevic,M"]
[Result "1-0"]
[WhiteElo "2435"]
[BlackElo "2291"]

1.d4 Nf6 2.c4 g6 3.Nc3 Bg7 4.e4 d6 5.Nf3 O-O 6.Be2 e5 7.O-O Nbd7 8.Qc2 c6
9.d5 a5 10.Rb1 cxd5 11.cxd5 Nc5 12.Be3 b6 13.Nd2 Ng4 14.Bxg4 Bxg4 15.a3 Bd7
16.b4 axb4 17.axb4 Na4 18.Nxa4 Bxa4 19.Qd3 Rc8 20.Rfc1 Qd7 21.Bxb6 Qb7 22.Be3 Rxc1+
23.Rxc1 Qxb4 24.Rb1 Qa5 25.Qa3 Ra8 26.Qxd6 Bc2 27.Rb8+ Rxb8 28.Qxb8+ Bf8
29.Bh6 Qb4 30.Qc8 Qc5 31.Qe8 Bd3 32.h4 Qe7 33.Qc8 Qc5 34.Qb8 Qb4 35.Qxf8+ Qxf8
36.Bxf8 Kxf8 37.f3 f5 38.Kf2 Ke7 39.Ke3 Bb5 40.f4 Kd6 41.fxe5+ Kxe5 42.Nf3+ Kd6
43.Kd4 fxe4 44.Ng5 e3 45.Ne4+ Ke7 46.Kxe3 Bf1 47.g3 h6 48.Kf4 Bg2 49.Ke5 Bh3
50.Nf6 Kf7 51.Ne4 Ke7 52.Nc3 Bg4 53.Nb5 Bf5 54.Nd4 Bh3 55.Nc6+ Kd7 56.Kf6 Kd6
57.Kxg6 Kxd5 58.Ne7+ Ke4 59.Kxh6 Kf3 60.Kg5  1-0

[Event "18th Zadar Open A"]
[Site "Zadar CRO"]
[Date "2011.12.12"]
[Round "2.5"]
[White "Sebenik,M"]
[Black "Jovanovic,Zo CRO"]
[Result "1-0"]
[WhiteElo "2518"]
[BlackElo "2581"]

1.d4 Nf6 2.c4 g6 3.Nc3 Bg7 4.e4 d6 5.Be2 O-O 6.Nf3 e5 7.d5 a5 8.Bg5 h6 9.Bh4 Na6
10.Nd2 Qe8 11.O-O Nh7 12.Kh1 h5 13.f3 Bh6 14.a3 a4 15.Nb5 Bd7 16.Be1 Bxb5
17.cxb5 Nc5 18.b4 axb3 19.Nxb3 Be3 20.Nxc5 Bxc5 21.a4 b6 22.Bc3 Nf6 23.Qd2 Kg7
24.h4 Qe7 25.g3 Kh7 26.Bd3 Ng8 27.Bc2 Nh6 28.Rae1 Rae8 29.Qg5 f6 30.Qd2 g5
31.Qh2 gxh4 32.Qxh4 Qf7 33.Re2 Qg6 34.Rh2 Rg8 35.Be1 Kg7 36.Qxh5 Qxh5 37.Rxh5 Rh8
38.Kg2 Nf7 39.Rxh8 Rxh8 40.Bd2 Bd4 41.Bb3 Ra8 42.f4 Re8 43.Bc2 Ra8 44.Rh1 Rh8
45.Rxh8 Kxh8 46.Bd1 Kg7 47.Bg4 Nd8 48.Bc8 Nf7 49.Kf3 Nh6 50.Be6 Bc5 51.f5 Nf7
52.Bxf7 Kxf7 53.g4 Kg7 54.g5 Bd4 55.Kg4 Bf2 56.Kh5 Bc5 57.Be1 Be3 58.a5 bxa5
59.Bxa5 Bb6 60.Bxb6 cxb6 61.gxf6+  1-0

[Event "18th Zadar Open A"]
[Site "Zadar CRO"]
[Date "2011.12.12"]
[Round "3.17"]
[White "Hecht,HJ"]
[Black "Jovanic,O"]
[Result "1-0"]
[WhiteElo "2379"]
[BlackElo "2476"]

1.d4 Nf6 2.c4 g6 3.Nc3 Bg7 4.e4 d6 5.Nf3 O-O 6.Be2 e5 7.O-O exd4 8.Nxd4 Re8
9.f3 c6 10.Nc2 Na6 11.Rb1 Nc7 12.Bf4 d5 13.cxd5 cxd5 14.Nb4 d4 15.Bxc7 Qxc7
16.Ncd5 Qd6 17.Nxf6+ Bxf6 18.Nd5 Be5 19.f4 Bg7 20.Bf3 Rd8 21.e5 Qc5 22.Rc1 Qa5
23.Qxd4 Be6 24.Rfd1 Rd7 25.Qc3 Qxc3 26.Nxc3 Rad8 27.Bxb7 g5 28.Rxd7 Rxd7
29.Bc8 Rd2 30.Bxe6 fxe6 31.Ne4 Rxb2 32.Rc8+ Kf7 33.Nxg5+ Kg6 34.Nxe6 Bh6
35.g4 Kf7 36.f5 Be3+ 37.Kf1 Rxh2 38.Rc7+ Kg8 39.f6 Rf2+ 40.Ke1 h6 41.Rg7+  1-0

[Event "14th Padova Open"]
[Site "Padova ITA"]
[Date "2011.12.13"]
[Round "3"]
[White "Manca,F"]
[Black "Boscolo,F"]
[Result "1/2-1/2"]
[WhiteElo "2417"]
[BlackElo "2270"]

1.d4 Nf6 2.c4 g6 3.Nc3 Bg7 4.e4 d6 5.Nf3 O-O 6.Be2 e5 7.O-O Nh5 8.dxe5 dxe5
9.Qxd8 Rxd8 10.Nd5 Rd7 11.Rd1 Na6 12.Be3 c6 13.Nc3 Nf4 14.Bf1 Rxd1 15.Rxd1 Bg4
16.c5 Nc7 17.h3 Bxf3 18.gxf3 Nce6 19.Rd7 Bf8 20.Rxb7 Bxc5 21.Bc4 Nxh3+ 22.Kh2 Nhg5
23.Bxe6 Nxe6 24.Bxc5 Nxc5 25.Rc7 Nd3 26.b3 c5 27.Kg3 a5 28.Na4 Nc1 29.Nxc5 Nxa2
30.Nd7 a4 31.bxa4 Ra5 32.Rc4 h5 33.Nb6 Kg7 34.Nd5 Kh6 35.f4 f5 36.f3 h4+  1/2-1/2

[Event "3rd Balkan GP Individual"]
[Site "Podgorica MNE"]
[Date "2011.12.13"]
[Round "7"]
[White "Filip,L"]
[Black "Damljanovic,B"]
[Result "0-1"]
[WhiteElo "2471"]
[BlackElo "2597"]

1.Nf3 Nf6 2.c4 g6 3.Nc3 Bg7 4.e4 d6 5.d4 O-O 6.Be2 e5 7.Be3 Nbd7 8.O-O Ng4
9.Bg5 f6 10.Bd2 Nh6 11.Qc2 Nf7 12.Rad1 c6 13.Bc1 Re8 14.b4 a5 15.b5 exd4
16.Nxd4 c5 17.Nf3 Nb6 18.h3 a4 19.Rfe1 Be6 20.Nd5 Nxd5 21.exd5 Bd7 22.Bf1 Rxe1
23.Rxe1 f5 24.Bb2 a3 25.Bc1 Qf6 26.Re3 f4 27.Rxa3 Rxa3 28.Bxa3 Qa1 29.Qd2 Bf5
30.Qe1 Qxa2 31.Qe8+ Bf8 32.Bc1 g5 33.Bd2 Qa1 34.Qe1 Qxe1 35.Bxe1 Bg7 36.Ba5 Kf8
37.Be2 Ke7 38.Kf1 Bf6 39.Ke1 Be4 40.Kd2 h5 41.Ne1 Bd4 42.f3 Bf5 43.Nc2 Bb2
44.Ne1 Ne5 45.Kd1 Bb1 46.Kd2 Bd4 47.Nc2 Ba2 48.Bc3 Nxc4+ 49.Bxc4 Bxc4 50.Nxd4 cxd4
51.Bxd4 Bf1 52.h4 gxh4 53.Bf2 Kf6 54.Bxh4+ Ke5 55.g3 Bxb5 56.gxf4+ Kxf4 57.Be7 Ke5
58.f4+ Kxd5  0-1

[Event "18th Zadar Open A"]
[Site "Zadar CRO"]
[Date "2011.12.13"]
[Round "4.12"]
[White "Franic,M"]
[Black "Jovanovic,Zo CRO"]
[Result "1-0"]
[WhiteElo "2381"]
[BlackElo "2581"]

1.d4 d6 2.c4 Nf6 3.Nc3 g6 4.e4 Bg7 5.Be2 O-O 6.Nf3 e5 7.d5 c6 8.O-O Na6 9.Bg5 h6
10.Bh4 g5 11.Bg3 Nc5 12.Nd2 a5 13.b3 Bd7 14.Re1 Qb8 15.a3 cxd5 16.cxd5 Rc8
17.a4 Nd3 18.Bxd3 Rxc3 19.Nb1 Rc8 20.Na3 Qa7 21.Bb5 Bg4 22.Qd2 Bf8 23.Nc4 Bh5
24.Qe3 Rc5 25.f3 Bg6 26.Bf2 Nh5 27.Qd2 Nf4 28.Kh1 h5 29.Rac1 b6 30.g3 Nh3
31.Bxc5 bxc5 32.Kg2 g4 33.fxg4 hxg4 34.Qe2 f5 35.Ne3 Bh6 36.exf5 Bxe3 37.Qxg4 Bxc1
38.Qxg6+ Kh8 39.Kxh3 Rg8 40.Qf6+ Rg7 41.Rxc1  1-0

[Event "18th Zadar Open A"]
[Site "Zadar CRO"]
[Date "2011.12.14"]
[Round "5.22"]
[White "Arjun,B"]
[Black "Biliskov,V"]
[Result "0-1"]
[WhiteElo "2178"]
[BlackElo "2338"]

1.Nf3 Nf6 2.c4 g6 3.Nc3 Bg7 4.e4 d6 5.d4 O-O 6.Be2 Nbd7 7.O-O e5 8.Be3 c6
9.d5 c5 10.Nd2 Ne8 11.a3 f5 12.f3 f4 13.Bf2 g5 14.b4 h5 15.bxc5 dxc5 16.Nb3 b6
17.a4 a5 18.d6 Bb7 19.Nb5 Rf7 20.Ra2 Nf8 21.Rd2 Rd7 22.Kh1 Rc8 23.Na7 Ra8
24.Nb5 Qc8 25.Nc3 Ne6 26.Nd5 Bxd5 27.cxd5 Nd4 28.Nxd4 exd4 29.Bb5 Nxd6 30.Bxd7 Qxd7
31.Qb3 Rb8 32.Rc1 Rb7 33.Qa2 Be5 34.Bg1 Kg7 35.Rb1 Nf7 36.Bf2 Bc7 37.Rdb2 Ne5
38.Rb5 Ra7 39.Qb3 Ra6 40.Re1 Qd6 41.Rg1 g4 42.Qd1 Ra8 43.Rb1 Rg8 44.Qe2 Kh7
45.Be1 Rg6 46.Bd2 Qf8 47.Rbf1 g3 48.h3 Nf7 49.Rb1 Qe8 50.Rb5 Nd6 51.Rb2 Nf7
52.Rb5 Rf6 53.Re1 Ne5 54.Kg1 Qd7 55.Rc1 Kg6 56.Qf1 Qe7 57.Rcb1 Nd7 58.Qd3 Kf7
59.Qc4 Kg7 60.Qd3 Ne5 61.Qf1 c4 62.Qc1 Qd7 63.Qf1 c3 64.Be1 Qd6 65.Ra1 Bd8
66.Rbb1 Rf7 67.Qb5 Rc7 68.Qe8 d3 69.Qxh5 d2 70.Bxd2 cxd2 71.Rd1 Rc2 72.Kh1 Bf6
73.Qf5 Qc7 74.Qxf4 Nd3 75.Qg4+ Kf8 76.Qf5 Qe5 77.Qg6 Nf2+ 78.Kg1 Nxd1 79.Rxd1 Qg5
80.Qxg5 Bxg5 81.Kf1 Ke7 82.Ke2 Kd6 83.h4 Bh6 84.h5 Ra2 85.Rh1 Rxa4  0-1

[Event "78th ch-BRA"]
[Site "Campinas BRA"]
[Date "2011.12.15"]
[Round "6"]
[White "El Debs,F"]
[Black "Mecking,H"]
[Result "0-1"]
[WhiteElo "2477"]
[BlackElo "2590"]

1.Nf3 Nf6 2.c4 g6 3.Nc3 Bg7 4.e4 d6 5.d4 O-O 6.Be2 e5 7.Be3 Ng4 8.Bg5 f6
9.Bc1 Nc6 10.h3 exd4 11.Nxd4 Nh6 12.Be3 f5 13.Nxc6 bxc6 14.Qd2 Nf7 15.exf5 gxf5
16.O-O Bd7 17.c5 d5 18.f4 Qf6 19.Rfd1 Rab8 20.Rac1 Nd8 21.b3 Ne6 22.Bf3 a5
23.Bxd5 cxd5 24.Nxd5 Qf7 25.c6 Be8 26.Qxa5 Rd8 27.b4 Nd4 28.Bxd4 Rxd5 29.Qa7 Bxc6
30.Rxc6 Qe8 31.Qa4 Bxd4+ 32.Kh1 Bb6 33.Qb3 Qxc6 34.Rxd5 Kg7 35.Rd1 Rf6 36.a4 Rg6
37.Qb2+ Kh6 38.a5 Be3 39.Rf1 Qc4 40.Rf3 Bxf4 41.Qf2 Qc1+ 42.Qf1 Qxf1+ 43.Rxf1 Bd2
44.Ra1 Bxb4 45.a6 Rg8  0-1

[Event "TCh-ISR 2011-12"]
[Site "Israel ISR"]
[Date "2011.12.16"]
[Round "1.6"]
[White "Botvinnik,M ISR"]
[Black "Gruenfeld,Y"]
[Result "1-0"]
[WhiteElo "2307"]
[BlackElo "2480"]

1.Nf3 Nf6 2.c4 g6 3.Nc3 Bg7 4.e4 d6 5.d4 O-O 6.Be2 Na6 7.O-O e5 8.Be3 Ng4
9.Bg5 f6 10.Bc1 Qe8 11.h3 Nh6 12.Re1 c6 13.Bf1 g5 14.Nh2 Qe7 15.d5 c5 16.Ng4 f5
17.Nxh6+ Bxh6 18.exf5 Bxf5 19.Bd3 Bxd3 20.Qxd3 Bg7 21.Ne4 h6 22.a3 Rf7 23.Rb1 Raf8
24.b4 b6 25.Be3 Nb8 26.bxc5 dxc5 27.a4 Nd7 28.a5 Qd8 29.axb6 axb6 30.Rb3 Nf6
31.Reb1 Nd7 32.Qe2 Qc7 33.Ra3 Rb8 34.Qa2 Nf6 35.Nxc5 Rc8 36.Ne6 Qxc4 37.Rc1 Qxc1+
38.Bxc1 Rxc1+ 39.Kh2 Rc8 40.d6 b5 41.Ra7 Rc4 42.Rc7 Rfxc7 43.dxc7 Kf7 44.Nxg7  1-0

[Event "14th Padova Open"]
[Site "Padova ITA"]
[Date "2011.12.16"]
[Round "7"]
[White "Kosic,D"]
[Black "Djuric,S"]
[Result "1-0"]
[WhiteElo "2502"]
[BlackElo "2459"]

1.d4 g6 2.Nf3 Bg7 3.c4 Nf6 4.Nc3 O-O 5.e4 d6 6.Be2 e5 7.Be3 Ng4 8.Bg5 f6
9.Bh4 Nc6 10.d5 Ne7 11.Nd2 f5 12.h3 Nf6 13.g4 c5 14.f3 a6 15.a3 Bd7 16.Qc2 Qe8
17.b4 b6 18.Rb1 fxg4 19.hxg4 h6 20.bxc5 bxc5 21.Rb6 Nc8 22.Rb7 Nh7 23.Nb3 Ra7
24.Na5 Rxb7 25.Nxb7 Bf6 26.Bxf6 Rxf6 27.Rxh6 Qf8 28.Qd2 Kg7 29.Rh1 Rf4 30.Bd1 Ng5
31.Qh2 Kf6 32.Qh4 Nb6 33.Be2 Na4 34.Nd1 Qb8 35.Na5 Qb6 36.Nc6 Bxc6 37.dxc6 Qxc6
38.Nf2 Qb6 39.Nh3 Qb1+ 40.Kf2 Qxh1 41.Qxg5+ Kf7 42.Nxf4 exf4 43.Qxf4+ Ke6
44.g5 Qh8 45.Bf1 Nb6 46.Kg3 Ke7 47.Qe3 Qa1 48.Qd3 Qe1+ 49.Kh3 Qc1 50.Kg4 Nd7
51.f4 Nf8 52.e5 dxe5 53.fxe5 Ke8 54.Bg2 Qg1 55.Qd5 Nd7 56.e6 Nf8 57.Kf3 a5
58.Qc6+ Kd8 59.Qd6+ Ke8 60.Qb8+  1-0

[Event "UTD GM Invitational"]
[Site "Richardson USA"]
[Date "2011.12.16"]
[Round "3"]
[White "Iotov,V"]
[Black "Hughes,T"]
[Result "1-0"]
[WhiteElo "2576"]
[BlackElo "2295"]

1.d4 Nf6 2.c4 g6 3.Nc3 Bg7 4.e4 O-O 5.Nf3 d6 6.Be2 e5 7.Be3 Na6 8.dxe5 dxe5
9.h3 Qe8 10.a3 b6 11.b4 Bb7 12.c5 Rd8 13.Qc2 Nb8 14.O-O Nc6 15.Rad1 h6 16.Rxd8 Nxd8
17.b5 Nh7 18.c6 Bc8 19.Nd5 Ne6 20.Qd2 h5 21.Bc4 Kh8 22.Re1 f6 23.a4 g5 24.a5 Bh6
25.axb6 axb6 26.Ra1 Rg8 27.Ra8 Qd8 28.Rxc8 Qxc8 29.Ne7 Qe8 30.Qd7  1-0

[Event "European Blitz 2011"]
[Site "Warsaw POL"]
[Date "2011.12.16"]
[Round "1"]
[White "Wojtaszek,R"]
[Black "Szmidt,P"]
[Result "1-0"]
[WhiteElo "2705"]
[BlackElo "2015"]

1.Nf3 Nf6 2.c4 g6 3.Nc3 Bg7 4.e4 d6 5.d4 O-O 6.Be2 Nbd7 7.O-O e5 8.Re1 a5
9.Bf1 Nh5 10.Be3 exd4 11.Nxd4 Nc5 12.f3 c6 13.Qd2 Qc7 14.Rad1 Rd8 15.Nb3 Nxb3
16.axb3 Be6 17.Qf2 Rd7 18.Rd2 Re8  1-0

[Event "European Blitz 2011"]
[Site "Warsaw POL"]
[Date "2011.12.16"]
[Round "10"]
[White "Wojtaszek,R"]
[Black "Socko,B"]
[Result "1-0"]
[WhiteElo "2705"]
[BlackElo "2635"]

1.d4 Nf6 2.c4 g6 3.Nc3 Bg7 4.e4 d6 5.Nf3 O-O 6.Be2 e5 7.Be3 Ng4 8.Bg5 f6
9.Bh4 g5 10.Bg3 Nh6 11.dxe5 dxe5 12.Qc2 c6 13.Nd2 Be6 14.O-O-O Nd7 15.f3 Qe7
16.Kb1 a6 17.Nb3 b5 18.Bf2 Rfc8 19.Rd2 Nf7 20.Rhd1 Bf8 21.Bf1 bxc4 22.Na5 Qb4
23.Bxc4 Bxc4 24.Nxc4 Qxc4 25.Rxd7 Rab8 26.Na4 Qe6 27.Bc5 Rb5 28.Bxf8 Kxf8
29.Nc5 Qe8 30.Qc4 Rcb8 31.b3 Rb4 32.Qe6 Qxe6 33.Nxe6+ Kg8 34.Re7 R4b7 35.Rdd7 Rxd7
36.Rxd7 a5 37.Kc2 h5 38.Rc7 Nd6 39.Rxc6 Nb5 40.a4 Na7 41.Ra6 Rc8+ 42.Kd2 Nc6
43.Rb6 Kf7 44.Nc5 g4 45.Rb7+ Kg6 46.Ne6 gxf3 47.gxf3 Re8 48.Ng7 Rd8+ 49.Ke3 Nd4
50.Kf2 Rc8  1-0

[Event "ch-POR w 2011-12"]
[Site "Lisbon POR"]
[Date "2011.12.18"]
[Round "3.3"]
[White "Monteiro,S"]
[Black "Gabriel,Ag"]
[Result "1-0"]
[WhiteElo "1862"]
[BlackElo "1604"]

1.d4 Nf6 2.Nf3 g6 3.c4 Bg7 4.Nc3 d6 5.e4 O-O 6.Be2 e5 7.d5 Nbd7 8.Bg5 h6
9.Be3 a5 10.O-O Re8 11.a3 Nc5 12.Nd2 Bd7 13.b4 axb4 14.axb4 Rxa1 15.Qxa1 Na6
16.b5 Nc5 17.f3 Qa8 18.Qb2 b6 19.Nb3 Qb7 20.Nxc5 dxc5 21.Qd2 Ra8 22.Bxh6 Ne8
23.Bxg7 Kxg7 24.f4  1-0

[Event "XXIII Carlos Torre Magistral"]
[Site "Merida MEX"]
[Date "2011.12.18"]
[Round "5.3"]
[White "Hernandez Carmenates,Hold"]
[Black "Almeida Quintana,O"]
[Result "1-0"]
[WhiteElo "2564"]
[BlackElo "2538"]

1.d4 d6 2.Nf3 Nf6 3.c4 g6 4.Nc3 Bg7 5.e4 O-O 6.Be2 e5 7.O-O Nbd7 8.Re1 Re8
9.Bf1 a6 10.d5 a5 11.b3 Nc5 12.Rb1 Bd7 13.Nd2 Bh6 14.a3 Nh5 15.g3 f5 16.exf5 Bxf5
17.Nde4 Bxc1 18.Rxc1 Nxe4 19.Nxe4 Nf6 20.Nc3 Rf8 21.h3 b6 22.g4 Bd7 23.f3 Ne8
24.Qe2 Ng7 25.Qf2 h5 26.Qg3 h4 27.Qf2 Rf7 28.Bd3 Qf6 29.Rf1 Raf8 30.Qe3 Qf4
31.Qxf4 Rxf4 32.Kg2 Kh7 33.Ne2 R4f7 34.b4 Ra8 35.c5 axb4 36.c6 Be8 37.axb4 Ra3
38.Be4 Rb3 39.Rb1 Re3 40.Nc1 Ra3 41.Kf2 Kh6 42.Ne2 Ra4 43.Ke3 Kg5 44.Nc3 Ra3
45.Kd2 Re7 46.Ra1 Rxc3 47.Kxc3 Kf4 48.Kd3 Bf7 49.Ra8 Ne8 50.b5 Nf6 51.Rf8 Kg3
52.g5 Nh5 53.Ke3 Nf4 54.Rg1+ Kh2 55.Rg4 Kxh3 56.Rh8 Nh5 57.Kf2 Be8 58.Bd3  1-0

[Event "14th Padova Open"]
[Site "Padova ITA"]
[Date "2011.12.18"]
[Round "9"]
[White "Arnaudov,G"]
[Black "Efimov,Ig"]
[Result "1-0"]
[WhiteElo "2477"]
[BlackElo "2418"]

1.Nf3 g6 2.c4 Bg7 3.d4 d6 4.Nc3 Nd7 5.e4 e5 6.Be2 Ngf6 7.O-O O-O 8.Be3 Ng4
9.Bg5 f6 10.Bc1 Nh6 11.dxe5 dxe5 12.b3 Nf7 13.Be3 c6 14.c5 f5 15.b4 f4 16.Bd2 g5
17.h3 Nf6 18.Bc4 Ne8 19.g4 h5 20.Bc1 Qe7 21.Nd2 hxg4 22.hxg4 Qd7 23.Kh2 Kh7
24.f3 Nh6 25.Bb2 Qe7 26.Be2 Be6 27.Nc4 Rd8 28.Qc2 Nxg4+ 29.fxg4 f3 30.Bxf3 Bxc4
31.Nd5 Bxf1 32.Nxe7 Rxf3 33.Rd1 Nf6 34.Rxd8 Nxg4+ 35.Kg1 Bh3 36.Qd3 Ne3 37.Nf5 Bxf5
38.exf5 e4 39.Qxe4  1-0

[Event "XXII Cajacanarias Christmas"]
[Site "Santa Cruz de Tenerife ESP"]
[Date "2011.12.19"]
[Round "2"]
[White "Hernandez Leon,A"]
[Black "Perez Barreto,A"]
[Result "1-0"]
[WhiteElo "2243"]
[BlackElo "1940"]

1.d4 Nf6 2.Nf3 g6 3.c4 Bg7 4.Nc3 O-O 5.e4 d6 6.Be2 e5 7.Be3 Ng4 8.Bg5 f6
9.Bc1 Nc6 10.d5 Nd4 11.Nxd4 exd4 12.Nb5 f5 13.O-O Ne5 14.exf5 d3 15.Bxd3 Bxf5
16.Be2 Qh4 17.f4 Bg4 18.Bxg4 Nxg4 19.h3 h5 20.Qe1 Qxe1 21.Rxe1 Nh6 22.Nxc7 Rac8
23.Ne6 Rfe8 24.Bd2 Bxb2 25.Rab1 Bf6 26.c5 Nf5 27.Rxb7 dxc5 28.g4 Nd4 29.Kg2 c4
30.Nxd4 Rxe1 31.Bxe1 Bxd4 32.d6 c3 33.d7 Rd8 34.f5 hxg4 35.hxg4 gxf5 36.gxf5 Kf7
37.Kf3 c2 38.Rc7 c1=Q 39.Rxc1 Rxd7 40.Rd1 Rd8 41.Bf2 Bb6 42.Rxd8 Bxd8 43.Bxa7 Kf6
44.Ke4 Bc7 45.Bd4+ Kf7 46.Kd5 Bd8 47.Kc6 Ke8 48.Bb6 Bf6 49.a4 Be5 50.Kd5 Bg7
51.Ke6  1-0

[Event "XXIII Carlos Torre Magistral"]
[Site "Merida MEX"]
[Date "2011.12.20"]
[Round "8.4"]
[White "Oms Pallisse,J"]
[Black "Almeida Quintana,O"]
[Result "1/2-1/2"]
[WhiteElo "2482"]
[BlackElo "2538"]

1.d4 d6 2.Nf3 g6 3.c4 Bg7 4.Nc3 Nd7 5.e4 e5 6.Be2 Ngf6 7.O-O O-O 8.Qc2 Nh5
9.Bg5 Bf6 10.Be3 Nf4 11.Bxf4 exf4 12.Rad1 Bg7 13.Qc1 g5 14.h3 c6 15.Rfe1 Re8
16.Qd2 Nf8 17.b4 Ng6 18.c5 dxc5 19.bxc5 b6 20.cxb6 axb6 21.Bc4 g4 22.hxg4 Bxg4
23.Qd3 c5 24.Nd5 cxd4 25.Bb3 Kh8 26.Rc1 Rg8 27.Rc7 Ne5 28.Nxe5 Bxe5 29.Rxf7 Qg5
30.Ne7 Be6 31.Nxg8 Rxg8 32.Qf3 Bg4 33.Qd3 Bh5 34.Qh3 Bxf7 35.Bxf7 Rf8 36.Be6 f3
37.Bf5 Qxg2+ 38.Qxg2 fxg2 39.Kxg2 Kg7 40.Rb1 Ra8 41.Rxb6 Rxa2 42.Re6 Bf6
43.Kg3 Re2 44.f4 h5 45.e5 Re3+ 46.Kg2 Bh4 47.Rd6 Rg3+ 48.Kh2 Rf3 49.Rxd4 Bg3+
50.Kg2 Rxf4  1/2-1/2

[Event "48th Groningen Open A"]
[Site "Groningen NED"]
[Date "2011.12.21"]
[Round "1.5"]
[White "Ernst,S"]
[Black "Nuri,Kam"]
[Result "1-0"]
[WhiteElo "2593"]
[BlackElo "2256"]

1.d4 Nf6 2.c4 g6 3.Nc3 Bg7 4.e4 d6 5.Nf3 O-O 6.Be2 Nbd7 7.O-O e5 8.Be3 Qe7
9.dxe5 dxe5 10.Nd5 Qd8 11.Qc2 Ng4 12.Bg5 f6 13.Bd2 c6 14.Ne3 Nxe3 15.Bxe3 c5
16.b4 Qe7 17.Nd2 b6 18.bxc5 Nxc5 19.Nb3 Be6 20.Nxc5 bxc5 21.Rab1 Rfc8 22.Rb5 Bf8
23.h3 Qf7 24.Qb2 Bxc4 25.Rb7 Qe6 26.Bxc4 Qxc4 27.Rd1 Rd8 28.Rxd8 Rxd8 29.Rxa7 Re8
30.Rc7 Qb4 31.Qe2 Qxe4 32.Qb5 Rd8 33.Qb6 Bd6 34.Ra7  1-0

[Event "FIDE Women's World Teams"]
[Site "Mardin TUR"]
[Date "2011.12.21"]
[Round "4"]
[White "Zhao Xue"]
[Black "Nguyen Thi Thanh An"]
[Result "1-0"]
[WhiteElo "2541"]
[BlackElo "2300"]

1.d4 Nf6 2.c4 g6 3.Nc3 Bg7 4.e4 d6 5.Be2 O-O 6.Be3 e5 7.Nf3 c6 8.d5 Ng4 9.Bg5 f6
10.Bh4 c5 11.O-O Na6 12.a3 Bd7 13.Rb1 b6 14.b4 Nh6 15.Ne1 g5 16.Bg3 f5 17.f3 g4
18.fxg4 Nxg4 19.Nc2 Bh6 20.exf5 Ne3 21.Nxe3 Bxe3+ 22.Kh1 Bd4 23.Ne4 Bxf5
24.Rxf5 Rxf5 25.Bd3 Rf7 26.Qh5 Qe8 27.Bh4 Qd7 28.Nf6+ Rxf6 29.Bxf6 e4 30.Qg5+ Kf8
31.Bxd4  1-0

[Event "48th Groningen Open A"]
[Site "Groningen NED"]
[Date "2011.12.23"]
[Round "3.3"]
[White "Michalik,P"]
[Black "Zherebukh,Y"]
[Result "0-1"]
[WhiteElo "2509"]
[BlackElo "2594"]

1.d4 Nf6 2.c4 g6 3.Nc3 Bg7 4.e4 d6 5.Nf3 O-O 6.Be2 e5 7.O-O exd4 8.Nxd4 Re8
9.f3 c6 10.Re1 Nh5 11.g4 Be5 12.gxh5 Qh4 13.f4 Bxd4+ 14.Qxd4 Qxe1+ 15.Kg2 Qh4
16.Be3 Bg4 17.h6 f6 18.Bxg4 Qxg4+ 19.Kf2 Nd7 20.Qxd6 Ne5 21.fxe5 Rad8 22.Qc5 Rxe5
23.Qxa7 Rh5 24.Rh1 Rh3 25.Bd4 Qf3+ 26.Kg1 Rh4 27.h3 Qg3+ 28.Kf1 Qd3+ 29.Kg2 Rxd4
30.Qxb7 Qd2+ 31.Kg1 Qe1+  0-1

[Event "48th Groningen Open A"]
[Site "Groningen NED"]
[Date "2011.12.23"]
[Round "3.2"]
[White "Hess,Ro"]
[Black "Naroditsky,D"]
[Result "1/2-1/2"]
[WhiteElo "2625"]
[BlackElo "2472"]

1.d4 Nf6 2.c4 g6 3.Nc3 Bg7 4.e4 d6 5.Nf3 O-O 6.Be2 e5 7.O-O exd4 8.Nxd4 Re8
9.f3 c6 10.Be3 d5 11.cxd5 Nxd5 12.Nxd5 cxd5 13.Qb3 Nc6 14.Rad1 Nxd4 15.Bxd4 Bxd4+
16.Rxd4 Qf6 17.Rd2 Qf4 18.Qxd5 Be6 19.Qd4 Rad8 20.Qxd8 Qe3+ 21.Rf2 Rxd8 22.Rxd8+ Kg7
23.b3 a5 24.Rd3 Qc5 25.Rd2 b5 26.Bf1 a4 27.bxa4 bxa4 28.g3 h5 29.Kg2 h4 30.gxh4 Qe5
31.Kg1 Qf4 32.Rd3 Kh7 33.Ra3 Bd7 34.Rc3 Be6 35.Bc4 Bh3 36.Bf1 Be6 37.Kg2 Qf6
38.Rd3 Qf4 39.Ra3 Kg7 40.Rd3 Kh7 41.Rc3 Qf6 42.Ra3 Qf4 43.Rxa4 Qxh4 44.Ra5 f5
45.exf5 Bxf5 46.Rxf5 gxf5 47.f4 Qg4+ 48.Kh1 Qd1 49.Kg2 Qg4+ 50.Kh1 Qd1 51.h3 Qd4
52.Kg2 Qe4+ 53.Rf3 Qc2+ 54.Rf2 Qe4+ 55.Rf3 Qc2+ 56.Rf2  1/2-1/2

[Event "FIDE Women's World Teams"]
[Site "Mardin TUR"]
[Date "2011.12.24"]
[Round "6"]
[White "Pavlidou,E"]
[Black "Tan Zhongyi"]
[Result "1/2-1/2"]
[WhiteElo "2176"]
[BlackElo "2448"]

1.d4 Nf6 2.c4 g6 3.Nc3 Bg7 4.e4 d6 5.Nf3 O-O 6.Be2 e5 7.Be3 Ng4 8.Bg5 f6
9.Bh4 g5 10.Bg3 Nh6 11.dxe5 dxe5 12.c5 Be6 13.h3 Nd7 14.c6 bxc6 15.Qa4 Nb6
16.Qxc6 Qd6 17.Qxd6 cxd6 18.Nd2 d5 19.exd5 Nxd5 20.Bc4 Nc7 21.f3 Nf5 22.Bf2 Nd4
23.O-O Rfd8 24.Rfd1 Kf7 25.Bxd4 exd4 26.Nce4 Bf8 27.Rac1 Bxc4 28.Rxc4 Ne6
29.g4 Nf4 30.Rc7+ Kg6 31.Rc6 Be7 32.Kf1 Rac8 33.Rdc1 Rxc6 34.Rxc6 d3 35.a3 Rd7
36.Nc4 Kf7 37.Ke1 Nxh3 38.Kd2 Nf4 39.b4 h5 40.gxh5 Nxh5 41.Nxg5+ fxg5 42.Ne5+ Ke8
43.Nxd7 Kxd7 44.Ra6 Nf4 45.Rxa7+ Ke6 46.Rb7 Bd6 47.Rb5 Be7 48.Rb7 Bd6 49.Rb5 Be7
50.a4 Nd5 51.Kxd3 Nxb4+ 52.Kc4 Nc2 53.Rb3 Na3+ 54.Kd4 Nc2+ 55.Kc4 Na3+ 56.Kd4 Nc2+
57.Kc4 Ke5  1/2-1/2

[Event "20th Aschacher Donau"]
[Site "Aschach AUT"]
[Date "2011.12.26"]
[Round "1"]
[White "Sedlak,N"]
[Black "Lichtl,Erich"]
[Result "1-0"]
[WhiteElo "2592"]
[BlackElo "2136"]

1.d4 Nf6 2.c4 g6 3.Nc3 Bg7 4.e4 d6 5.Nf3 O-O 6.Be2 e5 7.O-O Na6 8.Re1 exd4
9.Nxd4 Nc5 10.Bf1 Re8 11.f3 a5 12.Be3 Bd7 13.Ndb5 Bxb5 14.cxb5 Qe7 15.Qd2 Qe5
16.Rad1 Rad8 17.Qf2 b6 18.Bc4 Ncd7 19.h3 h6 20.f4 Qe7 21.Bd4 Qf8 22.e5 dxe5
23.fxe5 Nh7 24.e6 fxe6 25.Bxe6+ Kh8 26.Bxg7+ Qxg7 27.Bxd7 Rf8 28.Qe3 Rxd7
29.Rxd7 Qxd7 30.Qxh6 Qd4+ 31.Qe3 Qf6 32.Qe5 Rf7 33.Nd5 Qxe5 34.Rxe5 Rd7 35.Kf2 Kg8
36.Ke3 Kf7 37.g4 Nf6 38.Nc3 Ne8 39.b3 Nd6 40.h4 Kf6 41.Kf4 Nf7 42.Rd5 Re7
43.Ne4+ Ke6 44.Rd2 Ne5 45.Ng5+ Kf6 46.Rd8 Kg7 47.h5 gxh5 48.gxh5 Nf7 49.Nxf7 Rxf7+
50.Kg5 Re7 51.h6+ Kh7 52.Rd5 Rf7 53.a4 Re7 54.Kf6 Re3 55.Rd7+ Kxh6 56.Rxc7 Rxb3
57.Rc6 Rb4 58.Rxb6 Rxa4 59.Ra6 Ra1 60.Ke7+ Kg5 61.b6 Kf4 62.Kd6 a4 63.b7 Rd1+
64.Kc7  1-0

[Event "48th Groningen Open A"]
[Site "Groningen NED"]
[Date "2011.12.26"]
[Round "5.3"]
[White "Ernst,S"]
[Black "Naroditsky,D"]
[Result "1-0"]
[WhiteElo "2593"]
[BlackElo "2472"]

1.d4 Nf6 2.c4 g6 3.Nc3 Bg7 4.e4 d6 5.Nf3 O-O 6.Be2 e5 7.O-O Na6 8.Be3 Ng4
9.Bg5 Qe8 10.h3 h6 11.Bh4 exd4 12.Nxd4 Nf6 13.Bf3 Nh7 14.g4 Ng5 15.Bg2 Nc5
16.f4 Ngxe4 17.Nd5 g5 18.Be1 gxf4 19.Rb1 Ng5 20.Rxf4 c6 21.Nf6+ Bxf6 22.Rxf6 Qe3+
23.Bf2 Qd3 24.Rxh6 Qxd1+ 25.Rxd1 Kg7 26.Rh5 f6 27.Be3 Rh8 28.Rxh8 Kxh8 29.Nf3 Nf7
30.Bd4 Kg7 31.g5 Nd7 32.Rf1 Nde5 33.gxf6+ Kg6 34.Kh2 Be6 35.b3 Rh8 36.Nxe5+ Nxe5
37.c5 Ng4+ 38.Kg3 dxc5 39.Bxc5 Ne5 40.Bxa7 Kf7 41.Bd4 Nd7 42.Rf4 Rh6 43.h4 Rg6+
44.Kf2 c5 45.Bb2 b6 46.Be4 Rh6 47.Bd3 Nf8 48.Kg3 Rh8 49.Ra4 Nd7 50.Ra7 Rg8+
51.Kf2 Rh8 52.Bc4  1-0